| 000 | 00840nam a2200217Ia 4500 | ||
|---|---|---|---|
| 999 |
_c52963 _d52963 |
||
| 001 | 19994 | ||
| 003 | GE_BSU | ||
| 005 | 20250314170039.0 | ||
| 008 | 181216s? ||||ru |||||||||||||| ||rus|| | ||
| 020 | _aISBN 99928-28-21-8 | ||
| 040 | _cGE_BSU | ||
| 041 | _ageo | ||
| 080 | _a81'374.822=161=353.1 Р-89 | ||
| 245 |
_aРусско-грузинский словарь=რუსულ-ქართული ლექსიკონი / _cСоставитель : М. В. Канкавa ; Ред. : А. Давитиани. |
||
| 250 | _aВторое изд. | ||
| 264 |
_aТбилиси : _bСакартвелос мацне, _c?. |
||
| 300 |
_a578 стр. ; _c17 см. |
||
| 541 | _h8 ლ. | ||
| 653 | _aРусско-грузинский словарь=რუსულ-ქართული ლექსიკონი | ||
| 942 |
_cBK _2udc |
||